[Event "Basque-ch"]
[Site "Getxo"]
[Date "2019.04.25"]
[Round "4"]
[White "Martinez Fernandez, Adrian"]
[Black "Ros Eskisabel, Jose Ramon"]
[Result "1-0"]
[WhiteElo "2318"]
[BlackElo "2095"]
[PlyCount "81"]
[EventDate "2019.04.22"]
[EventType "swiss"]
[EventRounds "7"]
[EventCountry "ESP"]
[SourceTitle "CBM 190 Extra"]
[Source "ChessBase"]
[SourceDate "2019.07.15"]
[SourceVersion "1"]
[SourceVersionDate "2019.07.15"]
[SourceQuality "1"]

1. e4 e5 2. f4 d5 3. exd5 exf4 4. Bc4 Qh4+ 5. Kf1 Bd6 6. d4 Ne7 7. Nc3 0-0 8. Nf3 Qh6 9. Kf2 Bg4 10. Bd3 Nd7 11. h3 Bh5 12. Rf1 Nb6 13. Kg1 Nbxd5 14. Nb5 Ne3 15. Bxe3 fxe3 16. Nxd6 Qxd6 17. c3 c5 18. dxc5 Qxc5 19. Kh1 Rad8 20. Qc2 Bg6 21. Bxg6 Nxg6 22. Rfe1 Rfe8 23. Rad1 Rd6 24. Rxd6 Qxd6 25. Qa4 Qe6 26. Qxa7 b6 27. Qa4 h6 28. b3 Kh7 29. Nd4 Qc8 30. Ne2 Re5 31. Qd4 Qe6 32. Qd3 f5 33. Nd4 Qd5 34. c4 Qxg2+ 35. Kxg2 Nf4+ 36. Kf3 Nxd3 37. Rxe3 Rxe3+ 38. Kxe3 Nc1 39. a3 g5 40. Kd2 Na2 41. Nxf5 1-0

[Event "Basque-ch"]
[Site "Getxo"]
[Date "2019.04.24"]
[Round "3"]
[White "Ros Eskisabel, Jose Ramon"]
[Black "Segura del Frago, Imanol"]
[Result "1/2-1/2"]
[WhiteElo "2095"]
[BlackElo "2028"]
[PlyCount "102"]
[EventDate "2019.04.22"]
[EventType "swiss"]
[EventRounds "7"]
[EventCountry "ESP"]
[SourceTitle "CBM 190 Extra"]
[Source "ChessBase"]
[SourceDate "2019.07.15"]
[SourceVersion "1"]
[SourceVersionDate "2019.07.15"]
[SourceQuality "1"]

1. d4 Nf6 2. c4 e6 3. Nc3 Bb4 4. e3 0-0 5. Nge2 d5 6. a3 Be7 7. Nf4 c6 8. cxd5 exd5 9. Bd3 Bd6 10. Qf3 Re8 11. h3 Nbd7 12. 0-0 Nf8 13. Nh5 Nxh5 14. Qxh5 g6 15. Qd1 Bc7 16. Bd2 Qd6 17. f4 f5 18. Qf3 Nd7 19. Qg3 Nf6 20. Rac1 Be6 21. Kh2 Rad8 22. Qf2 Qe7 23. Kg1 Bd6 24. Qh4 Kg7 25. Be2 Bf7 26. Bd3 Rc8 27. g4 Be6 28. g5 Ne4 29. Nxe4 dxe4 30. Bc4 Bd5 31. Qe1 Rh8 32. h4 b5 33. Bxd5 cxd5 34. Qe2 a6 35. a4 Qb7 36. axb5 axb5 37. h5 h6 38. Rxc8 Rxc8 39. gxh6+ Kxh6 40. Qg2 Rg8 41. Qg5+ Kh7 42. Kf2 Be7 43. hxg6+ Rxg6 44. Qxf5 Bh4+ 45. Ke2 Qc6 46. Rc1 Qa6 47. Rh1 b4+ 48. Kd1 Qa4+ 49. Ke2 Qa6+ 50. Kd1 Qa4+ 51. Ke2 Qa6+ 1/2-1/2

[Event "Basque-ch"]
[Site "Getxo"]
[Date "2019.04.22"]
[Round "1"]
[White "Ros Eskisabel, Jose Ramon"]
[Black "Argandona Riveiro, Inigo"]
[Result "0-1"]
[WhiteElo "2095"]
[BlackElo "2411"]
[PlyCount "94"]
[EventDate "2019.04.22"]
[EventType "swiss"]
[EventRounds "7"]
[EventCountry "ESP"]
[SourceTitle "CBM 190 Extra"]
[Source "ChessBase"]
[SourceDate "2019.07.15"]
[SourceVersion "1"]
[SourceVersionDate "2019.07.15"]
[SourceQuality "1"]

1. d4 Nf6 2. c4 e6 3. Nc3 Bb4 4. e3 0-0 5. Nge2 Re8 6. a3 Bf8 7. Ng3 d5 8. cxd5 exd5 9. Bd3 c6 10. 0-0 Bd6 11. Qc2 g6 12. Bd2 Ng4 13. Nce2 Qh4 14. h3 Nf6 15. f4 Nbd7 16. Rf3 Nf8 17. Raf1 Ne4 18. Be1 Qh6 19. Nc3 f5 20. Qb3 Kh8 21. Be2 Nf6 22. Bd3 b5 23. Qc2 Bd7 24. Nge2 Ne6 25. Ng3 Ng7 26. Bd2 Ne4 27. Qd1 Re7 28. Bc2 Nxg3 29. Rxg3 Rae8 30. Rgf3 Nh5 31. Bd3 Qg7 32. Qc2 Nf6 33. Qd1 a5 34. Qb1 Ne4 35. Qd1 b4 36. axb4 axb4 37. Ne2 Nxd2 38. Qxd2 c5 39. dxc5 Bxc5 40. Kh1 Rxe3 41. Rxe3 Rxe3 42. Ra1 Bc6 43. Rc1 Qe7 44. Qc2 d4 45. Qxc5 Rxh3+ 46. Kg1 Qe3+ 47. Kf1 Rh1+ 0-1

[Event "Donostia Spring op 10th"]
[Site "Donostia"]
[Date "2014.06.14"]
[Round "6.6"]
[White "Ros Eskisabel, Jose Ramon"]
[Black "Pinilla Santibanez, Roberto"]
[Result "1-0"]
[WhiteElo "2094"]
[BlackElo "2052"]
[PlyCount "101"]
[EventDate "2014.05.10"]
[EventType "swiss"]
[EventRounds "7"]
[EventCountry "ESP"]
[SourceTitle "EXT 2024"]
[Source "ChessBase"]
[SourceDate "2023.10.10"]
[SourceVersion "1"]
[SourceVersionDate "2023.10.10"]
[SourceQuality "1"]

1. d4 d5 2. c4 e6 3. Nf3 Nf6 4. g3 b6 5. Bg2 Bb7 6. Ne5 Be7 7. Qa4+ c6 8. cxd5 exd5 9. 0-0 0-0 10. Nc3 a6 11. Rd1 b5 12. Qc2 Nbd7 13. Bf4 Nh5 14. Be3 Nhf6 15. Bf4 Nh5 16. Be3 Nhf6 17. Nd3 Bd6 18. Rac1 Qe7 19. Bg5 h6 20. Bf4 Rfe8 21. e3 Rac8 22. Qb3 Nb6 23. Bxd6 Qxd6 24. Nc5 Rc7 25. Qc2 Bc8 26. h3 Rce7 27. Ne2 Nc4 28. Re1 Nxe3 29. fxe3 Rxe3 30. Qd2 Qe7 31. Kf2 Nh5 32. Rc3 Qf6+ 33. Kg1 R3e7 34. Rf3 Qg6 35. Nd3 Nxg3 36. Nxg3 Rxe1+ 37. Nxe1 Qb1 38. Rf1 Qxa2 39. Nd3 f6 40. Rc1 Re6 41. Nb4 Qb3 42. Rxc6 Qxg3 43. Rxc8+ Kf7 44. Rc1 Re3 45. Qf2 Qg5 46. Rc7+ Kg6 47. Nxd5 Re8 48. Nf4+ Kh7 49. Kh2 h5 50. h4 Qf5 51. Qc2 1-0

[Event "Donostia Spring op 10th"]
[Site "Donostia"]
[Date "2014.05.24"]
[Round "3.4"]
[White "Ros Eskisabel, Jose Ramon"]
[Black "Esnaola Gaston, Fernando"]
[Result "1-0"]
[WhiteElo "2094"]
[BlackElo "1941"]
[PlyCount "73"]
[EventDate "2014.05.10"]
[EventType "swiss"]
[EventRounds "7"]
[EventCountry "ESP"]
[SourceTitle "EXT 2024"]
[Source "ChessBase"]
[SourceDate "2023.10.10"]
[SourceVersion "1"]
[SourceVersionDate "2023.10.10"]
[SourceQuality "1"]

1. d4 d5 2. c4 e6 3. Nf3 Nf6 4. g3 Be7 5. Bg2 0-0 6. 0-0 Nbd7 7. Qc2 c6 8. Nbd2 b6 9. e4 Bb7 10. e5 Ne8 11. cxd5 cxd5 12. Re1 b5 13. Nf1 Nb6 14. h4 h6 15. N1h2 Rc8 16. Qd1 a5 17. Ng4 Nc7 18. Bf1 b4 19. Bd3 Ba6 20. Bb1 Ne8 21. Nfh2 Qc7 22. Nxh6+ gxh6 23. Bxh6 f5 24. exf6 Bxf6 25. Bxf8 Kxf8 26. Rxe6 Bb5 27. Bg6 Bd7 28. Re3 Nc4 29. Rf3 Ncd6 30. Qd2 Bb5 31. Re1 Ne4 32. Qh6+ Qg7 33. Qh5 Kg8 34. Qxd5+ Kh8 35. Qh5+ Kg8 36. Qxb5 Qxg6 37. Qd5+ 1-0

[Event "Donostia Gipuzkoa-ch"]
[Site "San Sebastian"]
[Date "2013.11.02"]
[Round "5"]
[White "Fernandez Zubitur, Jokin"]
[Black "Ros Eskisabel, Jose Ramon"]
[Result "1-0"]
[WhiteElo "1983"]
[BlackElo "2124"]
[PlyCount "43"]
[EventDate "2013.10.05"]
[EventType "swiss"]
[EventRounds "7"]
[EventCountry "ESP"]
[SourceTitle "EXT 2015"]
[Source "ChessBase"]
[SourceDate "2014.11.20"]
[SourceVersion "1"]
[SourceVersionDate "2014.11.20"]
[SourceQuality "1"]

1. e4 c5 2. Nc3 a6 3. d3 e6 4. g3 b5 5. Bg2 Bb7 6. Nf3 d5 7. exd5 exd5 8. d4 c4 9. 0-0 Be7 10. Re1 Nf6 11. Ne5 0-0 12. Bg5 b4 13. Na4 Ra7 14. Ng4 Bc6 15. Rxe7 Qxe7 16. Nxf6+ Kh8 17. Nxh7 f6 18. Nxf8 Qxf8 19. Qh5+ Kg8 20. Bf4 g5 21. Bxb8 Qxb8 22. Nc5 1-0

[Event "Euskadi-chTB"]
[Site "Bergara"]
[Date "2013.01.12"]
[Round "1.2"]
[White "Ros Eskisabel, Jose Ramon"]
[Black "Prieto Aranguren, Alain"]
[Result "1/2-1/2"]
[WhiteElo "2096"]
[BlackElo "2199"]
[PlyCount "77"]
[EventDate "2013.01.12"]
[EventType "team-tourn"]
[EventRounds "9"]
[EventCountry "ESP"]
[SourceTitle "EXT 2014"]
[Source "ChessBase"]
[SourceDate "2013.11.20"]
[SourceVersion "1"]
[SourceVersionDate "2013.11.20"]
[SourceQuality "1"]

1. d4 Nf6 2. c4 g6 3. Nc3 Bg7 4. e4 d6 5. f3 0-0 6. Be3 e5 7. Nge2 c6 8. Qd2 Nbd7 9. d5 cxd5 10. cxd5 a6 11. g4 h5 12. h3 b5 13. Bg5 Qa5 14. Nd1 Qxd2+ 15. Kxd2 Nc5 16. Ng3 hxg4 17. hxg4 Bd7 18. Nf2 Rfc8 19. Be2 Nh7 20. Be3 Bf6 21. Rac1 Bg5 22. Nd3 Bxe3+ 23. Kxe3 Nxd3 24. Bxd3 Ng5 25. Ne2 Kg7 26. Rxc8 Rxc8 27. Nc1 a5 28. Nb3 Ra8 29. Rc1 Ra7 30. Nd2 Nh3 31. Nb1 Nf4 32. Bf1 Kf8 33. Na3 Rb7 34. Rb1 Ke7 35. Rc1 a4 36. Kd2 f5 37. gxf5 gxf5 38. Nc2 fxe4 39. fxe4 1/2-1/2

[Event "Euskadi-chT (Vasca) Div 1st"]
[Site "Bergara"]
[Date "2011.02.12"]
[Round "6"]
[White "Garro Beraza, Haritz"]
[Black "Ros Eskisabel, Jose Ramon"]
[Result "1-0"]
[WhiteElo "2138"]
[BlackElo "2132"]
[PlyCount "125"]
[EventDate "2011.01.08"]
[EventType "team-tourn"]
[EventRounds "9"]
[EventCountry "ESP"]
[SourceTitle "EXT 2024"]
[Source "ChessBase"]
[SourceDate "2023.10.10"]
[SourceVersion "1"]
[SourceVersionDate "2023.10.10"]
[SourceQuality "1"]

1. e4 e6 2. d3 d5 3. Qe2 Nf6 4. e5 Nfd7 5. Nf3 c5 6. g3 Nc6 7. Bg2 Be7 8. h4 b6 9. Bf4 a5 10. Nc3 Ba6 11. 0-0 h6 12. Qd2 Nf8 13. h5 Nh7 14. Rfe1 b5 15. Ne2 b4 16. c3 Rc8 17. Qc2 Ng5 18. Rad1 Qb6 19. Qd2 Nxf3+ 20. Bxf3 0-0 21. Kg2 bxc3 22. bxc3 Qd8 23. Qc2 Rb8 24. Ng1 Rb6 25. Be2 Qb8 26. Rb1 Rc8 27. Nf3 Qc7 28. Rxb6 Qxb6 29. Rb1 Qc7 30. Qa4 Rb8 31. Rxb8+ Nxb8 32. Nd2 Nc6 33. Nb3 Kf8 34. Bf1 Qb6 35. c4 dxc4 36. dxc4 Bb7 37. Kg1 Qb4 38. Qb5 a4 39. Nd2 Nd4 40. Qd7 Qb6 41. Qxa4 Bc6 42. Qa3 Qb7 43. Be3 Qc7 44. Bg2 Bxg2 45. Kxg2 Qc6+ 46. Kg1 Ke8 47. Qb2 Nf3+ 48. Nxf3 Qxf3 49. Qb5+ Kd8 50. Bxc5 Bxc5 51. Qxc5 Qxh5 52. Qd6+ Kc8 53. c5 Qe2 54. Qf8+ Kb7 55. Qxf7+ Ka8 56. Qe8+ Ka7 57. Qd7+ Ka8 58. Qc6+ Ka7 59. a4 Qxe5 60. Qd7+ Ka8 61. c6 Qe1+ 62. Kg2 Qe4+ 63. Kh2 1-0

[Event "San Sebastian Primavera de Gros op 6th"]
[Site "San Sebastian"]
[Date "2010.05.22"]
[Round "5"]
[White "Ros Eskisabel, Jose Ramon"]
[Black "Izagirre Alsua, Aritz"]
[Result "1-0"]
[WhiteElo "2143"]
[BlackElo "1820"]
[PlyCount "79"]
[EventDate "2010.04.24"]
[EventType "swiss"]
[EventRounds "8"]
[EventCountry "ESP"]
[SourceTitle "EXT 2024"]
[Source "ChessBase"]
[SourceDate "2023.10.10"]
[SourceVersion "1"]
[SourceVersionDate "2023.10.10"]
[SourceQuality "1"]

1. e4 c5 2. Nf3 d6 3. d4 cxd4 4. Nxd4 Nf6 5. Nc3 g6 6. g3 Nc6 7. Bg2 Bg7 8. Nde2 0-0 9. 0-0 Ne5 10. h3 Bd7 11. a4 Rc8 12. Nd5 Bc6 13. c3 Nc4 14. Nd4 Bd7 15. Re1 Na5 16. Ra2 Nc6 17. Be3 Ne5 18. Kh2 Nc4 19. Bc1 Ne5 20. f4 Nc4 21. Qd3 Nb6 22. b3 Na8 23. c4 Nc7 24. Be3 Na6 25. Rae2 Nc5 26. Qb1 a5 27. Bg1 b6 28. Rd2 Re8 29. Qd1 Rf8 30. Bf2 Be8 31. Nc3 Nfd7 32. Ndb5 Nb8 33. e5 Bc6 34. exd6 e6 35. Bxc5 Bxb5 36. Bxb6 Qxb6 37. Nxb5 Nc6 38. d7 Rc7 39. Nxc7 Qxc7 40. Bxc6 1-0

[Event "San Sebastian op 33rd"]
[Site "San Sebastian"]
[Date "2010.03.29"]
[Round "2"]
[White "Llaneza Vega, Marcos"]
[Black "Ros Eskisabel, Jose Ramon"]
[Result "1-0"]
[WhiteElo "2514"]
[BlackElo "2143"]
[PlyCount "67"]
[EventDate "2010.03.28"]
[EventType "swiss"]
[EventRounds "9"]
[EventCountry "ESP"]
[SourceTitle "CBM 135 Extra"]
[Source "ChessBase"]
[SourceDate "2010.05.04"]
[SourceVersion "1"]
[SourceVersionDate "2010.05.04"]
[SourceQuality "1"]

1. e4 e5 2. Nf3 Nc6 3. Bb5 g6 4. d4 exd4 5. c3 Nge7 6. cxd4 d5 7. exd5 Nxd5 8. 0-0 Bg7 9. Re1+ Be6 10. Ne5 Qd6 11. Nd2 0-0 12. Ne4 Qb4 13. Bxc6 bxc6 14. Nxc6 Qb6 15. Ne5 Rad8 16. Nc5 Rfe8 17. Nc4 Qb4 18. Nxe6 fxe6 19. Ne5 Qb6 20. Bg5 Nf6 21. Qf3 Rf8 22. Qh3 Rfe8 23. Rac1 Rd5 24. Be3 Qa5 25. a3 c5 26. Nc4 Qc7 27. dxc5 Ne4 28. Qg4 Nf6 29. Qg3 e5 30. b4 Rf8 31. Bg5 Nh5 32. Qb3 Kh8 33. Nd6 Rd4 34. Nb5 1-0

[Event "Murcia op"]
[Site "Murcia"]
[Date "1997.??.??"]
[Round "3"]
[White "Fernandez Montoro, Jorge"]
[Black "Ros Eskisabel, Jose Ramon"]
[Result "0-1"]
[WhiteElo "2135"]
[BlackElo "2305"]
[PlyCount "60"]
[EventDate "1997.??.??"]
[EventType "swiss"]
[EventRounds "9"]
[EventCountry "ESP"]
[SourceTitle "EXT 2000"]
[Source "ChessBase"]
[SourceDate "1999.11.16"]
[SourceVersion "1"]
[SourceVersionDate "1999.11.16"]
[SourceQuality "1"]

1. e4 Nf6 2. e5 Nd5 3. d4 d6 4. Nf3 Bg4 5. Be2 e6 6. 0-0 Be7 7. h3 Bh5 8. c4 Nb6 9. Nc3 0-0 10. Be3 d5 11. cxd5 Nxd5 12. Nxd5 Qxd5 13. Rc1 Nc6 14. Bc4 Qd8 15. a3 a6 16. g4 Bg6 17. d5 exd5 18. Bxd5 Qe8 19. b4 Rd8 20. Qb3 h5 21. Rfd1 hxg4 22. hxg4 Rxd5 23. Qxd5 Qc8 24. Qd7 Qb8 25. Rxc6 Rd8 26. Rxc7 Rxd7 27. Rdxd7 Bd8 28. Bb6 Bxc7 29. Bxc7 Qa7 30. Ng5 Kf8 0-1

[Event "Pena San Jose op"]
[Site "San Jose"]
[Date "1997.??.??"]
[Round "1"]
[White "Pardo, V."]
[Black "Ros Eskisabel, Jose Ramon"]
[Result "1-0"]
[WhiteElo "2250"]
[BlackElo "2240"]
[PlyCount "35"]
[EventDate "1997.??.??"]
[EventType "swiss"]
[EventRounds "9"]
[EventCountry "ESP"]
[SourceTitle "EXT 2006"]
[Source "ChessBase"]
[SourceDate "2005.11.24"]
[SourceVersion "1"]
[SourceVersionDate "2005.11.24"]
[SourceQuality "1"]

1. g3 e5 2. c4 Nf6 3. Bg2 d5 4. cxd5 Nxd5 5. Nf3 Nd7 6. 0-0 Bc5 7. Nxe5 Bxf2+ 8. Rxf2 Nxe5 9. Nc3 Nf6 10. d4 Neg4 11. Rf4 c5 12. h3 cxd4 13. Rxd4 Qc7 14. Bf4 Ne5 15. Nb5 Qb6 16. Bxe5 0-0 17. Nc7 Rb8 18. Qd2 1-0